01439nmm a2200457 a 4500003000900000005001700009008004100026040001300067111006800080245006700148250001200215260005500227300001100282500005800293500005400351500013000405650001300535650001300548650002500561650003400586651001400620651000900634651001200643651001000655651001900665651001200684700004000696700001700736700002100753700001600774700002200790700002300812700001800835700001900853700001700872700001800889700002100907700001700928700001900945700001700964AR-BaBNM20251128205233.0087019s1965 ||||||||||||||000 | spa|| cAR-BaBNM2 aConferencia de Mesa Redonda de BellagiocBellagio, Italiad196410aLa infancia y la juventud en la planificación del desarrollo a1ª ed. aMéxico, D.F.bFondo de Cultura Económicac19650 a172 p.0 aUNICEF: FONDO DE LAS NACIONES UNIDAS PARA LA INFANCIA0 aContiene lista de participantes en la conferencia0 aContiene notas sobre costos de servicios en sectores en desarrollo que benefician a la infancia en los países en desarrollo 4aINFANCIA 4aJUVENTUD 4aPLANES DE DESARROLLO 4aPLANIFICACION DE LA EDUCACION 4aVenezuela 4aURSS 4aPolonia 4aIndia 4aEstados Unidos 4aTúnez1 aLópez Cámara, Franciscoeeditor1 aSwai, A.Z.N.1 aSalah, Ahmed Ben1 aRao, V.K.R.1 aHurtado, Héctor1 aBobrowski, Czeslaw1 aCahn, Frances1 aAutret, Marcel1 aGuiton, Jean1 aJohnstone, E.1 aSicault, Georges1 aSinger, H.W.1 aTinbergen, Jan1 aPusic, Eugen